000
00283nam a2200145Ia 4500
100
_a
Vince/John
942
_c
BK
366
_f
20
245
_a
Virtual Reality system
260
_b
Pearson
_c
1995
082
_b
VIN
300
_a
384
546
_a
ENGLISH
_c
Computers
999
_c
30894
_d
30894